Облава на волков: роман

Podrobná bibliografie
Hlavní autor: Петров И. Ивайло
Další autoři: Глен Н. (переводчик), Крупин В. (автор предисловия)
Shrnutí:Исключено из фонда НТБ ТПУ
Jazyk:ruština
Vydáno: Москва, Художественная литература, 1989
Edice:Новый мир
Médium: MixedMaterials Kniha
KOHA link:https://koha.lib.tpu.ru/cgi-bin/koha/opac-detail.pl?biblionumber=147058

MARC

LEADER 00000nam0a2200000 4500
001 147058
005 20231031144907.0
010 |a 5280006696 
035 |a (RuTPU)RU\TPU\book\159398 
090 |a 147058 
100 |a 20081107d1989 m y0rusy50 ca 
101 1 |a rus  |c bul 
102 |a RU 
105 |a y z 000ay 
200 1 |a Облава на волков  |e роман  |f И. Петров  |g пер. с болг. Н. Глен ; авт. предисл. В. Крупин 
210 |a Москва  |c Художественная литература  |d 1989 
215 |a 471 с. 
225 1 |a Новый мир 
333 |a Исключено из фонда НТБ ТПУ 
700 1 |a Петров  |b И.  |g Ивайло 
702 1 |a Глен  |b Н.  |4 730 
702 1 |a Крупин  |b В.  |4 080 
801 1 |a RU  |b 63413507  |c 20081107  |g PSBO 
801 2 |a RU  |b 63413507  |c 20150202  |g RCR 
942 |c BK